| 000 | 00497nam a2200169 a 4500 | ||
|---|---|---|---|
| 005 | 20240920064350.0 | ||
| 008 | 991125s1973 mx 000 0 spa u | ||
| 035 | _aUPN01000002686 | ||
| 049 | _aCG | ||
| 050 | 4 |
_aLB1027 _bM3.38 |
|
| 100 | 1 |
_aMager, Robert Frank, _d1923- _929098 |
|
| 245 | 1 | 0 |
_aAnálisis de metas / _cRobert F. Mager ; tr. Enrique Molina García. |
| 260 |
_aMéxico : _bTrillas, _c1973. |
||
| 300 |
_a150 p. : _bil. |
||
| 650 | 4 |
_aEducación _xFines y objetivos _94837 |
|
| 905 | _aLibro | ||
| 999 |
_c2686 _d2686 |
||